000 00430nam a2200193 4500
001 31120
005 20220405165508.0
090 _a31120
100 _a20100615d c 0pory5003 ba
101 _apor
102 _aPT
105 _aa z 000fy
930 _lBECRE
675 _a087.5
_vBNL
_zpor
200 1 _aDois bons Amigos
210 _as.l.
_cEP - Malteses
_ds.d.
215 _a13 p.
_d21 cm
225 2 _aSerelepe
990 _cLIVROS